Ako podnikať

Z obsahu: Znalosti znamenajú moc a zisk. Manažment znalostí. Podnik, ktorý sa učí. Od knižnice k databáze. Ako sa mení platenie poistného. Efektívny predajca - správny výzor. Poradenstvo. Odpovede na otázky čitateľov Trendu.

Gespeichert in:
Bibliographische Detailangaben
Format: Buchkapitel
Sprache:Slowakisch
Schlagworte:
Tags: Tag hinzufügen
Keine Tags, Fügen Sie das erste Tag hinzu!

MARC

LEADER 00000naa$a2200000$$$4500
001 0045026
005 20231009083736.3
041 0 |a slo 
044 |a SK 
245 1 0 |a Ako podnikať 
520 |a Z obsahu: Znalosti znamenajú moc a zisk. Manažment znalostí. Podnik, ktorý sa učí. Od knižnice k databáze. Ako sa mení platenie poistného. Efektívny predajca - správny výzor. Poradenstvo. Odpovede na otázky čitateľov Trendu. 
610 2 0 |a podnikanie 
610 2 0 |a vedomosti 
610 2 0 |a manažment 
610 2 0 |a podnik 
610 2 0 |a pracovníci noví 
610 2 0 |a vzdelávanie ďalšie 
610 2 0 |a poistné 
610 2 0 |a predajcovia 
610 2 0 |a poradenstvo